[Event "Ch Bosnia & Herzegovina (team)"]
[Site "Banja Vrucica (Bosnia & Herzegovina)"]
[Date "2009.06.07"]
[Round "2"]
[White "Sinanovic Muhamed (BIH)"]
[Black "Batinic Predrag (BIH)"]
[Result "0-1"]
[WhiteElo "2371"]
[BlackElo "2310"]

1.c4 Nf6 2.g3 e6 3.Bg2 d5 4.Nf3 Be7 5.O-O O-O 6.b3 c5 7.Nc3 Nc6 8.cxd5 Nxd5
9.Bb2 Bf6 10.Qc1 b6 11.Nxd5 exd5 12.d4 Nxd4 13.Nxd4 cxd4 14.Qf4 Re8 15.Rfe1
Ba6 16.Bxd4 Bxd4 17.Qxd4 Bxe2 18.Rac1 Qd7 19.Qxd5 Qxd5 20.Bxd5 Rad8 21.Rc2
Rxd5 22.Rexe2 Red8 23.Rc7 g5 24.h3 R5d7 {#R} 0-1

[Event "It (open)"]
[Site "Voronezh (Russia)"]
[Date "2009.06.12"]
[Round "1"]
[White "Kovalevskaya Ekaterina (RUS)"]
[Black "Khudiakov Sergey (RUS)"]
[Result "1-0"]
[WhiteElo "2437"]
[BlackElo "2212"]

1.c4 e6 2.g3 Nf6 3.Bg2 d5 4.Nf3 Be7 5.O-O O-O 6.b3 b6 7.Bb2 Bb7 8.Na3 c5
9.cxd5 Bxd5 10.Nc4 Qc8 11.Rc1 Qb7 12.Qc2 Nbd7 13.d3 Rfd8 14.e4 Bc6 15.Nfe5
Nxe5 16.Nxe5 Bb5 17.f4 Ne8 18.a4 Ba6 19.Nc4 Rac8 20.f5 Qd7 21.Ne5 Qd6 22.fxe6
Qxe6 23.Rxf7 Nf6 24.Bh3 Qd6 25.Nc4 Qc7 26.Be6 Kh8 27.Bxf6 gxf6 28.Bf5 {#r} 1-0

[Event "It (open)"]
[Site "Koszalin (Poland)"]
[Date "2009.08.07"]
[Round "2"]
[White "Szczepaniec Stanislaw (POL)"]
[Black "Sadzikowski Daniel (POL)"]
[Result "0-1"]
[WhiteElo "2149"]
[BlackElo "2284"]

1.c4 e6 2.Nf3 Nf6 3.g3 d5 4.Bg2 Be7 5.O-O O-O 6.b3 c5 7.Bb2 Nc6 8.cxd5 Nxd5
9.Na3 Bf6 10.Bxf6 Qxf6 11.Nc4 Bd7 12.e4 Nb6 13.e5 Qe7 14.Nd6 Nxe5 15.Nxb7
Nxf3+ 16.Qxf3 Rac8 17.Na5 Bb5 18.Rfc1 Qd6 19.a4 Ba6 20.Ra2 Nd5 21.Nc4 Bxc4
22.Rxc4 Nb4 23.Ra1 Rfd8 24.Rd1 Nc6 25.Qh5 Nd4 26.Rc3 g6 27.Qg4 f5 28.Qg5 Ne2+
29.Kf1 Nxc3 30.Rc1 Qd3+ {#R} 0-1

[Event "Ch Uzbekistan (juniors) (under 20)"]
[Site "Navbahor (Uzbekistan)"]
[Date "2009.09.07"]
[Round "3"]
[White "Guseynov Alihan (UZB)"]
[Black "Golubev Roman (UZB)"]
[Result "1-0"]
[WhiteElo "2003"]
[BlackElo "2052"]

1.c4 e6 2.g3 d5 3.Bg2 Nf6 4.Nf3 Be7 5.O-O O-O 6.Qc2 c5 7.cxd5 exd5 8.d4 c4
9.Nc3 Nc6 10.Rd1 a6 11.Ne5 Be6 12.e4 Rc8 13.Qa4 Nb4 14.Nxd5 Bxd5 15.exd5 b5
16.Qa3 Nc2 17.Qxa6 Nxa1 18.Nc6 Ra8 19.Qb7 Qd7 20.Qxd7 Nxd7 21.Nxe7+ Kh8 22.d6
Rab8 23.Nc6 Rb6 24.Nb4 Rxd6 25.Bf4 Re6 26.Bf3 Rfe8 27.Kf1 Nb3 28.axb3 cxb3
29.Bg4 R6e7 30.Nc6 {#r} 1-0

[Event "It (open)"]
[Site "Corsico (Italy)"]
[Date "2009.10.03"]
[Round "2"]
[White "Bonazzi Edoardo (ITA)"]
[Black "Vinzoni Andrea (ITA)"]
[Result "1-0"]
[WhiteElo "2183"]
[BlackElo "2079"]

1.Nf3 d5 2.c4 e6 3.g3 Nf6 4.Bg2 Be7 5.O-O O-O 6.b3 c5 7.e3 Nc6 8.Bb2 d4 9.exd4
cxd4 10.Re1 Bc5 11.a3 a5 12.d3 Re8 13.Nbd2 h6 14.Bc1 e5 15.Nh4 g5 16.Ne4 Nxe4
17.Bxe4 gxh4 18.Qh5 Bf8 19.Bxh6 Bxh6 20.Qxh6 Re6 21.Bh7+ {#r} 1-0

[Event "Ch World (juniors) (under 16)"]
[Site "Kemer (Turkey)"]
[Date "2009.11.13"]
[Round "2"]
[White "Kurayan Ruslan (UKR)"]
[Black "Baboyan Eduard (RUS)"]
[Result "1-0"]
[WhiteElo "2256"]
[BlackElo "2157"]

1.c4 e6 2.g3 Nf6 3.Bg2 d5 4.Nf3 Be7 5.O-O O-O 6.d3 c5 7.cxd5 Nxd5 8.Nc3 Nc6
9.Nxd5 Qxd5 10.Be3 Qd8 11.Rc1 Qa5 12.Qd2 Qxa2 13.Bxc5 Bxc5 14.Rxc5 Bd7 15.Qc3
Rac8 16.Ng5 f6 17.Ne4 b6 18.Rc4 Ne5 19.Rc7 Rxc7 20.Qxc7 Qxb2 21.f4 Qd4+ 22.e3
Qxe3+ 23.Kh1 Rc8 24.Qxa7 Bc6 25.fxe5 f5 26.Qe7 Re8 27.Qc7 Bd5 28.Nf6+ gxf6
29.exf6 Bxg2+ 30.Kxg2 Qd2+ {#r} 1-0

[Event "Ch Finland (team) 2009/10 (I Division)"]
[Site "Finland"]
[Date "2010.01.16"]
[Round "5"]
[White "Kivipelto Kaj-Erik (FIN)"]
[Black "Tuovinen Jukka (FIN)"]
[Result "1-0"]
[WhiteElo "2208"]
[BlackElo "2145"]

1.g3 d5 2.Bg2 Nf6 3.c4 e6 4.Nf3 Be7 5.O-O O-O 6.b3 c5 7.Bb2 Nc6 8.e3 dxc4
9.bxc4 Qb6 10.Qc1 Rd8 11.d4 Ne4 12.Ne5 Nd6 13.Bxc6 bxc6 14.dxc5 Qxc5 15.Bd4
{#r} 1-0

[Event "Ch Denmark (team) 2009/10"]
[Site "Denmark"]
[Date "2010.03.01"]
[Round "5"]
[White "Sonderstrup Bjarne (DEN)"]
[Black "Jakobsen Peter (DEN)"]
[Result "1-0"]
[WhiteElo "2108"]
[BlackElo "2230"]

1.c4 Nf6 2.g3 e6 3.Bg2 d5 4.Nf3 Be7 5.O-O O-O 6.b3 c5 7.Bb2 Nc6 8.e3 b6 9.d4
Ba6 10.Ne5 Rc8 11.Nc3 cxd4 12.exd4 Bb7 13.cxd5 exd5 14.Rc1 Re8 15.Bh3 Ra8
16.Ne2 Na5 17.Nf4 Bd6 18.Re1 Ne4 19.Rxe4 dxe4 20.Nxf7 Kxf7 21.Qh5+ Kg8 22.Bf5
h6 23.Qg6 Nc6 24.Qh7+ Kf8 25.d5 Ne5 26.Be6 Qf6 27.Bxe5 Qxe5 28.Ng6# 1-0

[Event "Oberliga Baden 2009/10"]
[Site "Baden (Germany)"]
[Date "2010.03.21"]
[Round "8"]
[White "Sandmeier Toni (GER)"]
[Black "Vinke Andreas (GER)"]
[Result "0-1"]
[WhiteElo "2216"]
[BlackElo "2220"]

1.c4 Nf6 2.g3 e6 3.Bg2 d5 4.Nf3 Be7 5.O-O O-O 6.b3 b6 7.Bb2 Bb7 8.d3 dxc4
9.bxc4 c5 10.Nbd2 Nc6 11.a4 Qc7 12.Nb3 a6 13.Qd2 Rfd8 14.Rfc1 a5 15.Bh3 Ne8
16.Qe3 Bf6 17.Rab1 Bxb2 18.Rxb2 Nd6 19.Rcb1 Nb4 20.Ne5 Nf5 21.Qf4 f6 22.Ng6
Qc6 23.f3 hxg6 24.Qg4 Kf7 25.Nd2 Nh6 26.Qf4 Qd6 27.Qe3 Nf5 {#R} 0-1

[Event "It (open)"]
[Site "Wroclaw (Poland)"]
[Date "2010.06.27"]
[Round "2"]
[White "Markus Robert (SRB)"]
[Black "Paikidze Nazi (GEO)"]
[Result "1-0"]
[WhiteElo "2624"]
[BlackElo "2376"]

1.c4 e6 2.g3 Nf6 3.Bg2 d5 4.Nf3 Be7 5.O-O O-O 6.b3 c5 7.Bb2 Nc6 8.e3 b6 9.Nc3
Bb7 10.cxd5 Nxd5 11.Nxd5 Qxd5 12.d4 Rad8 13.Ne5 Qd6 14.dxc5 Qxc5 15.Qe2 Nxe5
16.Bxb7 Qc7 17.Be4 f5 18.Bg2 Bf6 19.Ba3 Rfe8 20.Rac1 Qb8 21.Rc2 Rc8 22.Rfc1
Red8 23.h3 Rxc2 24.Qxc2 Nf7 25.Qc6 Qe5 26.Bf1 h6 27.Rc2 Qa1 28.Qxe6 Rd1 29.Bc1
Rxc1 30.Qc8+ {#r} 1-0

[Event "It (open)"]
[Site "Barbera del Valles (Spain)"]
[Date "2010.07.04"]
[Round "1"]
[White "Iturrizaga Eduardo (VEN)"]
[Black "Colon Garcia Enrique (ESP)"]
[Result "1-0"]
[WhiteElo "2609"]
[BlackElo "2235"]

1.Nf3 Nf6 2.c4 e6 3.g3 d5 4.Bg2 Be7 5.O-O O-O 6.b3 c5 7.Bb2 b6 8.d4 Bb7 9.cxd5
Nxd5 10.e4 Nf6 11.e5 Nfd7 12.Nc3 cxd4 13.Qxd4 Nc6 14.Qf4 Nb4 15.Rfd1 Nd5
16.Nxd5 Bxd5 17.Nd4 Bxg2 18.Kxg2 Rc8 19.Qe4 Nc5 20.Qf3 Qc7 21.b4 Na4 22.Rac1
Qb8 23.Ba1 Rxc1 24.Rxc1 Qxe5 25.Nc6 Qg5 26.Rc4 {#r} 1-0

[Event "It (open)"]
[Site "Barbera del Valles (Spain)"]
[Date "2010.07.12"]
[Round "9"]
[White "Tarrago Antoni Maurici (ESP)"]
[Black "Panelo Marcelo (ARG)"]
[Result "0-1"]
[WhiteElo "2252"]
[BlackElo "2434"]

1.Nf3 Nf6 2.c4 e6 3.g3 d5 4.Bg2 Be7 5.O-O O-O 6.b3 d4 7.d3 c5 8.e3 Nc6 9.Na3
e5 10.Nc2 Re8 11.a3 a5 12.Bb2 h6 13.b4 axb4 14.axb4 Rxa1 15.Qxa1 e4 16.dxe4 d3
17.b5 Na5 18.Na3 Nxe4 19.Rd1 Bg5 20.Ne5 Nb3 21.Qa2 Nbd2 22.Nb1 Bxe3 23.fxe3
Qg5 24.Re1 Qf5 25.Bxe4 Nxe4 26.Nxd3 Ng5 27.Qa3 Nh3+ {#R} 0-1

[Event "It (open)"]
[Site "Rethymnon (Greece)"]
[Date "2010.07.14"]
[Round "2"]
[White "Vakhania Alexandra (GEO)"]
[Black "Kharitonov Alexandr (RUS)"]
[Result "0-1"]
[WhiteElo "2201"]
[BlackElo "2552"]

1.c4 e6 2.g3 d5 3.Bg2 Nf6 4.Nf3 Be7 5.O-O O-O 6.b3 d4 7.d3 Nc6 8.Bb2 e5 9.Nbd2
h6 10.a3 a5 11.Qc2 Bc5 12.b4 axb4 13.axb4 Rxa1 14.Rxa1 Bxb4 15.Ra8 Qe7 16.Qa4
Nd7 17.Qb5 Nb6 18.Ra2 Bd7 19.Nb1 e4 20.dxe4 Qxe4 21.Nfd2 Qxe2 22.Bf1 Qe1 23.c5
Nd5 24.Bxd4 Be6 25.Ba1 Nf4 26.Rb2 Nh3+ {#R} 0-1

[Event "It (open)"]
[Site "Ricany (Czech Republic)"]
[Date "2010.08.23"]
[Round "4"]
[White "Misicko Jan (CZE)"]
[Black "Kulhanek Tomas (CZE)"]
[Result "0-1"]
[WhiteElo "2026"]
[BlackElo "2391"]

1.c4 e6 2.g3 d5 3.Bg2 Nf6 4.Nf3 Be7 5.O-O O-O 6.b3 c6 7.Bb2 b5 8.Qc2 a5 9.a4
bxc4 10.bxc4 Na6 11.Bc3 Nb4 12.Bxb4 Bxb4 13.Ne5 Qd6 14.Nd3 Ba6 15.Nxb4 axb4
16.d3 dxc4 17.dxc4 Rfd8 18.Ra2 Rab8 19.Nd2 c5 20.Nb3 Qc7 21.Raa1 Nd7 22.Be4 f5
23.Bd3 Ne5 24.f4 Ng4 25.Qc1 Bb7 26.h3 Rxd3 {#R} 0-1

[Event "Ch Serbia (team) (w)"]
[Site "Novi Sad (Serbia)"]
[Date "2010.08.28"]
[Round "6"]
[White "Vojinovic Jovana (MNE)"]
[Black "Maric Mirjana (SRB)"]
[Result "0-1"]
[WhiteElo "2319"]
[BlackElo "2264"]

1.Nf3 Nf6 2.g3 d5 3.Bg2 e6 4.O-O Be7 5.c4 dxc4 6.Qa4+ Nbd7 7.Qxc4 a6 8.Qc2 c5
9.Nc3 Ra7 10.d4 b5 11.Rd1 Bb7 12.e4 b4 13.e5 bxc3 14.exf6 Bxf6 15.dxc5 {#R}
0-1

[Event "It (open)"]
[Site "Bad Wiessee (Germany)"]
[Date "2010.10.31"]
[Round "2"]
[White "Carlstedt Jonathan (GER)"]
[Black "Scholzen Wolfgang (GER)"]
[Result "1-0"]
[WhiteElo "2376"]
[BlackElo "2099"]

1.c4 e6 2.g3 d5 3.Bg2 Nf6 4.Nf3 Be7 5.O-O O-O 6.b3 c6 7.Bb2 Nbd7 8.d3 b6 9.Qc2
Bb7 10.e4 a5 11.Nc3 Rc8 12.Rfe1 b5 13.exd5 exd5 14.Nd4 Bc5 15.Nf5 Re8 16.Qd2
dxc4 17.Rxe8+ Nxe8 18.dxc4 Ne5 19.Qxd8 Rxd8 20.Ne4 Nd3 21.Nxc5 Nxc5 22.Bxc6
Bxc6 23.Ne7+ Kf8 24.Nxc6 Rd2 25.Ba3 b4 26.Nxb4 {#r} 1-0

[Event "It (open) "]
[Site "Gornozavodsk (Russia)"]
[Date "2010.11.01"]
[Round "2"]
[White "Ostanin Vadim (RUS)"]
[Black "Chazov Alexander (RUS)"]
[Result "1-0"]
[WhiteElo "2301"]
[BlackElo "2131"]

1.c4 Nf6 2.g3 e6 3.Bg2 d5 4.Nf3 Be7 5.O-O O-O 6.cxd5 exd5 7.d3 b6 8.Nbd2 Bb7
9.Qc2 c5 10.e4 Nc6 11.a3 dxe4 12.dxe4 Nd4 13.Nxd4 Qxd4 14.Re1 Rad8 15.e5 Ng4
16.Nb3 Qd7 17.Bxb7 Qxb7 18.Qe2 Qd7 19.h3 Qe6 20.Qxg4 Qxb3 21.Bh6 g6 22.Bxf8
Rd4 23.Bxe7 Rxg4 24.hxg4 Qe6 25.Bf6 h6 26.Rad1 {#r} 1-0

[Event "NRW Klasse 2 2010/11"]
[Site "Germany"]
[Date "2010.11.28"]
[Round "3"]
[White "Rechmann Peter (GER)"]
[Black "Wellen Hendrik (GER)"]
[Result "1-0"]
[WhiteElo "2325"]
[BlackElo "2141"]

1.Nf3 d5 2.c4 e6 3.g3 Nf6 4.Bg2 Be7 5.O-O O-O 6.b3 b6 7.Bb2 Bb7 8.e3 Nbd7
9.Nc3 c5 10.Qe2 Rc8 11.cxd5 Nxd5 12.Nxd5 Bxd5 13.e4 Bb7 14.d4 cxd4 15.Nxd4 Qc7
16.Rfd1 Rfd8 17.Rac1 Qb8 18.Rxc8 Qxc8 19.Rc1 Qa8 20.Rc7 Bc5 21.Nxe6 fxe6
22.Qg4 Bf8 23.Qxe6+ Kh8 24.Rxd7 Rxd7 25.Qxd7 Bxe4 26.Bxe4 Qxe4 27.Bxg7+ Bxg7
28.Qd8+ Bf8 29.Qxf8# 1-0

[Event "Memorial Crespi (open)"]
[Site "Milan (Italy)"]
[Date "2010.12.11"]
[Round "9"]
[White "Bonazzi Edoardo (ITA)"]
[Black "Bemporad Filippo (ITA)"]
[Result "0-1"]
[WhiteElo "2188"]
[BlackElo "2056"]

1.c4 Nf6 2.g3 e6 3.Bg2 d5 4.Nf3 Be7 5.O-O O-O 6.b3 b6 7.Bb2 Bb7 8.e3 c5 9.Nc3
Nc6 10.cxd5 Nxd5 11.Nxd5 Qxd5 12.d4 Nb4 13.dxc5 Bxc5 14.Qxd5 Bxd5 15.Rfd1 Rac8
16.Ne5 Bxg2 17.Kxg2 Bxe3 18.Nd7 Rfe8 19.a3 Nd5 20.Kf3 Bg5 21.h4 Be7 22.Rac1
Rxc1 23.Rxc1 f6 {#R} 0-1

[Event "Cup Rilton"]
[Site "Stockholm (Sweden)"]
[Date "2011.01.02"]
[Round "6"]
[White "Astrup Kim (NOR)"]
[Black "Brynell Stellan (SWE)"]
[Result "0-1"]
[WhiteElo "2252"]
[BlackElo "2486"]

1.Nf3 Nf6 2.c4 e6 3.g3 d5 4.Bg2 Be7 5.O-O O-O 6.b3 b6 7.Bb2 Bb7 8.e3 Nbd7
9.Nc3 Ne4 10.Ne2 Bf6 11.Bxf6 Qxf6 12.d3 Nd6 13.Rc1 dxc4 14.Nf4 e5 15.Nh3 cxd3
16.Rxc7 Rfd8 17.Rxb7 Nxb7 18.Nfg5 Rab8 19.Qxd3 Nf8 20.Qa6 Nc5 21.Qxa7 h6
22.Ne4 Nxe4 23.Bxe4 Qe6 24.Bg2 Rbc8 25.f4 exf4 26.Nxf4 Qxe3+ 27.Kh1 Rc1 {#R}
0-1

[Event "It (open)"]
[Site "Marianske Lazne (Czech Republic)"]
[Date "2011.01.17"]
[Round "3"]
[White "Vorobyov Yrij (UKR)"]
[Black "Christensen Henrik (DEN)"]
[Result "1-0"]
[WhiteElo "2200"]
[BlackElo "2031"]

1.Nf3 Nf6 2.g3 e6 3.Bg2 d5 4.O-O Be7 5.c4 c6 6.b3 Nbd7 7.Bb2 O-O 8.Qc2 b6
9.Nc3 Bb7 10.d3 Rc8 11.e4 Qc7 12.Rfe1 dxc4 13.dxc4 Ng4 14.h3 Nge5 15.Nxe5 Nxe5
16.f4 Ng6 17.e5 Bb4 18.Red1 Bxc3 19.Qxc3 c5 20.Rd6 Bxg2 21.Kxg2 Qb7+ 22.Qf3
Qxf3+ 23.Kxf3 Ne7 24.Rad1 Nc6 25.g4 Rfd8 26.Rxc6 {#r} 1-0

[Event "Ch Netherlands (team) 2010/11"]
[Site "Netherlands"]
[Date "2011.02.12"]
[Round "6"]
[White "Van Oosterom Chiel (NED)"]
[Black "Houtman Joop (NED)"]
[Result "1-0"]
[WhiteElo "2385"]
[BlackElo "2206"]

1.c4 Nf6 2.g3 e6 3.Bg2 d5 4.Nf3 Be7 5.O-O O-O 6.b3 c5 7.Bb2 Nc6 8.e3 b6 9.Nc3
Bb7 10.cxd5 Nxd5 11.Nxd5 exd5 12.d4 cxd4 13.Nxd4 Nxd4 14.Bxd4 Qd7 15.Qh5 Rfd8
16.Rfd1 Qe6 17.Rac1 g6 18.Qh6 Bf8 19.Qf4 Rac8 20.Bh3 f5 21.g4 Rxc1 22.Rxc1 Rc8
23.Re1 Rc6 24.gxf5 Qe4 25.Bg2 {#r} 1-0

[Event "It "]
[Site "Denham (England)"]
[Date "2011.03.18"]
[Round "1"]
[White "Ackley Peter J E (ENG)"]
[Black "Arkell Keith C (ENG)"]
[Result "0-1"]
[WhiteElo "2051"]
[BlackElo "2418"]

1.c4 e6 2.g3 d5 3.Bg2 Nf6 4.Nf3 Be7 5.O-O O-O 6.b3 d4 7.d3 Nc6 8.e3 e5 9.exd4
exd4 10.a3 a5 11.Ra2 Nd7 12.Re1 Nc5 13.Rae2 Bf6 14.Bf4 Bf5 15.Ne5 Qc8 16.Nxc6
bxc6 17.Bxc6 Nxd3 18.Re8 Rxe8 19.Rxe8+ Qxe8 20.Bxe8 Rxe8 21.Bd2 a4 22.b4 Ne5
23.Bf4 Nf3+ 24.Kg2 Ne1+ 25.Kg1 Bc2 26.Qc1 g5 27.Bxg5 Nf3+ 28.Kg2 Bxg5 {#R} 0-1

[Event "Ch PriFO"]
[Site "Toljatti (Russia)"]
[Date "2011.03.18"]
[Round "9"]
[White "Kharlov Andrei (RUS)"]
[Black "Shukh Nikolai (RUS)"]
[Result "1-0"]
[WhiteElo "2522"]
[BlackElo "2413"]

1.Nf3 Nf6 2.c4 e6 3.g3 d5 4.Bg2 Be7 5.O-O O-O 6.b3 Ne4 7.Bb2 Bf6 8.Qc2 Bxb2
9.Qxb2 Qf6 10.d4 c5 11.Nc3 Nxc3 12.Qxc3 cxd4 13.Qxd4 Qxd4 14.Nxd4 dxc4 15.bxc4
Nd7 16.Rab1 Rd8 17.Rfd1 Nc5 18.Nb3 Nd7 19.Nc5 Kf8 20.Bxb7 Rb8 21.Bxc8 Rxb1
22.Nxd7+ {#r} 1-0

[Event "It (open)"]
[Site "Sydney (Australia)"]
[Date "2011.04.29"]
[Round "5"]
[White "Hansen Sune Berg (DEN)"]
[Black "Mandla Blair (AUS)"]
[Result "1-0"]
[WhiteElo "2566"]
[BlackElo "2149"]

1.c4 Nf6 2.Nf3 e6 3.g3 d5 4.Bg2 Be7 5.O-O O-O 6.b3 c5 7.Bb2 Nc6 8.e3 b6 9.Nc3
Bb7 10.cxd5 Nxd5 11.Nxd5 exd5 12.d4 Bf6 13.Qd2 c4 14.bxc4 dxc4 15.e4 b5 16.d5
b4 17.Bxf6 Qxf6 18.dxc6 c3 19.Qd4 Bxc6 20.Qxb4 c2 21.Rac1 {#r} 1-0

[Event "Ch France (team) 2011"]
[Site "Mulhouse (France)"]
[Date "2011.05.27"]
[Round "2"]
[White "Neiman Emmanuel (FRA)"]
[Black "Van Heirzeele Daniel (BEL)"]
[Result "0-1"]
[WhiteElo "2335"]
[BlackElo "2161"]

1.c4 e6 2.g3 Nf6 3.Bg2 d5 4.Nf3 Be7 5.O-O O-O 6.b3 c5 7.Bb2 Nc6 8.e3 d4 9.exd4
cxd4 10.Re1 Ne8 11.Na3 f6 12.Nc2 e5 13.d3 Nc7 14.a3 a5 15.Rb1 Bd7 16.Ba1 b5
17.Nd2 b4 18.axb4 axb4 19.f4 Ra6 20.Be4 Ne6 21.Bd5 Kh8 22.Nf3 Nc7 23.Nh4 Nxd5
24.cxd5 Na7 25.fxe5 fxe5 26.Rxe5 Bxh4 27.Nxd4 Bf6 28.Qh5 Qb6 29.Bb2 Ra2 30.Re4
{#R} 0-1

[Event "Ch Andalucia"]
[Site "Andalucia (Spain)"]
[Date "2011.05.28"]
[Round "6"]
[White "Alvarez Morales Miguel (ESP)"]
[Black "Medina Carrasco Santiago (ESP)"]
[Result "0-1"]
[WhiteElo "2029"]
[BlackElo "2176"]

1.c4 e6 2.Nf3 d5 3.g3 Nf6 4.Bg2 Be7 5.O-O O-O 6.d3 Nbd7 7.b3 b6 8.Nbd2 Bb7
9.Bb2 c5 10.e3 Qc7 11.Rc1 a5 12.a3 Qb8 13.Rc2 a4 14.bxa4 Bc6 15.Qa1 Qb7 16.Ne5
Nxe5 17.Bxe5 Rxa4 18.Qb2 Rfa8 19.Rb1 Rxa3 20.Qxb6 Qxb6 21.Rxb6 Ba4 22.Rcb2 Nd7
{#R} 0-1

[Event "It (open)"]
[Site "Bussum (Netherlands)"]
[Date "2011.06.11"]
[Round "2"]
[White "Veltman Jelmer (NED)"]
[Black "Brandenburg Daan (NED)"]
[Result "0-1"]
[WhiteElo "2190"]
[BlackElo "2519"]

1.Nf3 d5 2.c4 e6 3.g3 Nf6 4.Bg2 Be7 5.O-O O-O 6.b3 c5 7.e3 Nc6 8.Bb2 b6 9.Nc3
dxc4 10.bxc4 Bb7 11.Qe2 a6 12.Rfd1 Qc7 13.Rab1 Rab8 14.d3 Rfd8 15.Rd2 Na5
16.h3 Bc6 17.Ng5 Bxg2 18.Kxg2 b5 19.cxb5 axb5 20.Nce4 Nxe4 21.Nxe4 f5 22.Nc3
Qc6+ 23.Qf3 b4 24.Ne2 c4 25.Qxc6 Nxc6 26.Rc2 c3 27.Ba1 Ra8 28.Nf4 e5 {#R} 0-1

[Event "It (open)"]
[Site "Eforie Nord (Romania)"]
[Date "2011.06.29"]
[Round "10"]
[White "Miron Lucian-Costin (ROM)"]
[Black "Tiviakov Sergei (NED)"]
[Result "0-1"]
[WhiteElo "2513"]
[BlackElo "2650"]

1.g3 Nf6 2.Bg2 d5 3.Nf3 e6 4.O-O Be7 5.c4 c6 6.b3 a5 7.Bb2 a4 8.d3 Na6 9.Nbd2
a3 10.Bc3 b5 11.e4 O-O 12.Qe2 Bb7 13.Rac1 Re8 14.Rfd1 Qb6 15.e5 Nd7 16.d4 bxc4
17.bxc4 c5 18.Rb1 Qa7 19.Rb3 Nc7 20.Ba5 dxc4 21.Nxc4 Bd5 22.Rxa3 Nb5 23.Rb3
Qa6 24.dxc5 Nxc5 25.Rb2 Na4 26.Rc2 Bxc4 27.Qxc4 Qxa5 28.Qb3 Rab8 {#R} 0-1

[Event "It (open)"]
[Site "Benasque (Spain)"]
[Date "2011.07.08"]
[Round "2"]
[White "Delchev Aleksander (BUL)"]
[Black "Gomez Peco Pablo (ESP)"]
[Result "1-0"]
[WhiteElo "2629"]
[BlackElo "2182"]

1.c4 e6 2.g3 Nf6 3.Bg2 d5 4.Nf3 Be7 5.O-O O-O 6.b3 b6 7.Bb2 c5 8.Nc3 Bb7 9.e3
Nbd7 10.Qe2 Rc8 11.Rfd1 Qc7 12.Rac1 Qb8 13.cxd5 exd5 14.d4 Rfd8 15.dxc5 bxc5
16.Nh4 Qa8 17.Nf5 Bf8 18.Nxd5 Nxd5 19.Nh6+ Kh8 20.Qh5 N7f6 21.Bxf6 gxf6 22.Be4
{#r} 1-0

[Event "It (open)"]
[Site "Vlissingen (Netherlands)"]
[Date "2011.08.02"]
[Round "5"]
[White "Vishnu Prasanna (IND)"]
[Black "Padurariu Ioana-Smaranda (ROM)"]
[Result "1-0"]
[WhiteElo "2392"]
[BlackElo "2247"]

1.Nf3 Nf6 2.g3 e6 3.c4 d5 4.Bg2 Be7 5.O-O O-O 6.b3 c5 7.Bb2 Nc6 8.e3 d4 9.exd4
cxd4 10.Re1 Ne8 11.a3 a5 12.d3 f6 13.Nbd2 e5 14.Nh4 g5 15.Bd5+ Kg7 16.Ng2 Nc7
17.Be4 Ne6 18.Qh5 Rh8 19.f4 Nc5 20.fxg5 Nxe4 21.Qh6+ Kg8 22.Nxe4 fxg5 23.Rf1
Bd7 24.Nf6+ Bxf6 25.Rxf6 Qe7 26.Raf1 Rd8 27.Bc1 Qg7 28.Bxg5 {#r} 1-0

[Event "US Chess League"]
[Site "Internet"]
[Date "2011.08.31"]
[Round "1"]
[White "Felecan Florin (USA)"]
[Black "Cozianu Costin (ROM)"]
[Result "1-0"]
[WhiteElo "2381"]
[BlackElo "2439"]

1.c4 e6 2.g3 d5 3.Bg2 Nf6 4.Nf3 Be7 5.O-O O-O 6.Qc2 b6 7.cxd5 exd5 8.d4 Bb7
9.Bf4 c5 10.dxc5 bxc5 11.Ne5 Na6 12.Nc3 Qc8 13.a3 h6 14.e4 dxe4 15.Nxe4 Nxe4
16.Bxe4 Bxe4 17.Qxe4 Qe6 18.Rfe1 Bf6 19.Qa4 Nb8 20.Ng6 Qc6 21.Qxc6 Nxc6
22.Nxf8 Rxf8 23.Bd6 Rc8 24.Rac1 Nd4 25.Kg2 Nb3 26.Rc2 {#r} 1-0

[Event "Cup Mayors (open)"]
[Site "Mumbai (India)"]
[Date "2011.09.24"]
[Round "11"]
[White "Rahman Ziaur (BAN)"]
[Black "Kravtsiv Martyn (UKR)"]
[Result "0-1"]
[WhiteElo "2523"]
[BlackElo "2601"]

1.Nf3 Nf6 2.g3 e6 3.Bg2 d5 4.O-O Be7 5.c4 O-O 6.b3 b6 7.Bb2 Bb7 8.e3 c5 9.Nc3
dxc4 10.bxc4 Nc6 11.Qe2 Qc7 12.Nb5 Qc8 13.Rfd1 Rd8 14.Rab1 a6 15.Nc3 b5 16.Ba1
Nb4 17.a3 Nd3 18.cxb5 axb5 19.Nxb5 c4 20.Bd4 Ra6 21.a4 Rxa4 22.Nc3 Ra6 23.Ra1
Rxa1 24.Rxa1 Ng4 25.Nd1 Bc5 26.Bc3 Be7 27.Ra7 Rd7 28.Ra1 Rd8 {#R} 0-1

[Event "It (open) "]
[Site "Berlin (Germany)"]
[Date "2011.10.16"]
[Round "9"]
[White "Jaeschke Jens-Uwe (GER)"]
[Black "Kachibadze Georg (GER)"]
[Result "1-0"]
[WhiteElo "2163"]
[BlackElo "2326"]

1.c4 Nf6 2.g3 e6 3.Bg2 d5 4.Nf3 Be7 5.O-O O-O 6.Qc2 b6 7.cxd5 exd5 8.d4 Ne4
9.Bf4 Bd6 10.Bxd6 Qxd6 11.Nc3 Nxc3 12.bxc3 Ba6 13.Rfe1 f5 14.Ne5 Nc6 15.Qb3
Rad8 16.Bxd5+ Qxd5 17.Nxc6 {#r} 1-0

[Event "It (open)"]
[Site "Arco (Italy)"]
[Date "2011.10.28"]
[Round "7"]
[White "Collutiis Duilio (ITA)"]
[Black "Romagnoli Roberto (ITA)"]
[Result "1-0"]
[WhiteElo "2485"]
[BlackElo "2086"]

1.g3 d5 2.Bg2 Nf6 3.c4 e6 4.Nf3 Be7 5.O-O O-O 6.b3 c6 7.Bb2 Nbd7 8.Qc2 Ne4
9.d3 Nd6 10.e4 Ne8 11.Nc3 Nc7 12.Rfe1 Bf6 13.d4 g6 14.Ba3 Re8 15.Bd6 dxc4
16.bxc4 Nb6 17.e5 Be7 18.Ne4 Kg7 19.h4 Rf8 20.h5 Ne8 21.Bxe7 Qxe7 22.a4 Nd7
23.c5 Nc7 24.Rab1 Rb8 25.Nd6 Nd5 26.Rb3 a5 27.Qd2 Nb4 28.Re4 h6 29.hxg6 fxg6
30.Rg4 {#r} 1-0

[Event "Ch Hungary (team) 2011/12"]
[Site "Hungary"]
[Date "2011.10.30"]
[Round "2"]
[White "Farkas Tibor (SRB)"]
[Black "Berczes David (HUN)"]
[Result "0-1"]
[WhiteElo "2276"]
[BlackElo "2555"]

1.c4 e6 2.Nf3 Nf6 3.g3 d5 4.Bg2 Be7 5.O-O O-O 6.b3 d4 7.e3 c5 8.exd4 cxd4 9.d3
Nc6 10.Na3 e5 11.Re1 Bb4 12.Re2 Re8 13.Ng5 h6 14.Ne4 Bg4 15.f3 Nxe4 16.Rxe4
Bf5 17.Re2 Bc3 18.Bb2 Nb4 19.Bxc3 dxc3 20.d4 c2 21.Nxc2 Nxc2 {#R} 0-1

[Event "Ch Germany (juniors) (team)"]
[Site "Xanten (Germany)"]
[Date "2011.11.01"]
[Round "3"]
[White "Krassowizkij Jaroslaw (GER)"]
[Black "Savchenko Alekseij (GER)"]
[Result "1-0"]
[WhiteElo "2351"]
[BlackElo "2251"]

1.c4 Nf6 2.g3 e6 3.Bg2 d5 4.Nf3 Be7 5.O-O dxc4 6.Na3 Nbd7 7.Nxc4 c5 8.d3 b5
9.Nce5 Bb7 10.Nxf7 Kxf7 11.Ng5+ Kg6 12.Bxb7 Rb8 13.Nxe6 Qb6 14.Nf4+ Kf7 15.Bg2
g5 16.Nd5 Nxd5 17.Bxd5+ Kg7 18.a4 h5 19.axb5 h4 20.Ra6 Qxb5 21.Rxa7 hxg3
22.hxg3 Rbd8 23.Qb3 {#r} 1-0